Score 0/17 Timer 02:00
6 Plays Today
Clue 4-Letter Word % Correct
Lacking in facial colorPALE
94.8%
Batman portrayer ChristianBALE
94.6%
Angel's glowing head topperHALO
93.8%
A very formal danceBALL
90.7%
Former former late-night host ArsenioHALL
89%
Acting part in a movieROLE
88.1%
Opposite of an acidBASE
87.4%
City near home of Stanford University in California: [Rung 1] [Rung 8] [Rung 17]PALO
86.7%
What you push a gondola withPOLE
85%
Clue 4-Letter Word % Correct
EffortlessnessEASE
76.6%
A carAUTO
73.2%
Novelist (abbr.)AUTH
68.7%
City near home of Stanford University in California: [Rung 1] [Rung 8] [Rung 17]ALTO
68.3%
Old Testament book after JudgesRUTH
65.2%
Mechanical memory-based learningROTE
63.8%
'Portnoy's Complaint' author PhilipROTH
57.7%
City near home of Stanford University in California: [Rung 1] [Rung 8] [Rung 17]EAST
55.5%

Today's Daily Dose

Missing Word
I Hardly Know Her!

Word Ladder
Sentence Ending

Quick Pick
Female Firsts

Get the Picture
Triathlon Sports

Remove Ads.
Support Sporcle.
Get the best of Sporcle when you Go Orange. This ad-free experience offers more features, more stats, and more fun while also helping to support Sporcle. Thank you for becoming a member.

You're not logged in!

Compare scores with friends on all Sporcle quizzes.
OR
Log In

Show Comments

Extras

Top Quizzes Today


Score Distribution

Your Account Isn't Verified!

In order to create a playlist on Sporcle, you need to verify the email address you used during registration. Go to your Sporcle Settings to finish the process.

Report this User

Report this user for behavior that violates our Community Guidelines.

Details: